Canadian Cities: Real or Fake? Quiz Stats

Quiz Updated Feb 14, 2015

Also try: Larger Than Canada
Challenge
Share
Tweet
Embed
Score 0/20 Timer 05:00
3 Plays Today
% Correct
Saskatoon
88.8%
Yellowknife
84.9%
Moose Jaw
84.9%
Whitehorse
84.3%
Thunder Bay
84.1%
Medicine Hat
76.2%
Chilliwack
73.6%
New Glasgow
71.8%
Kamloops
69.7%
Ajax
66.8%
% Correct
Dawson Creek
64.6%
Gander
62%
Saint-Hyacinthe
57.3%
Swift Current
53.3%
Revelstoke
51.1%
Wetaskiwin
49.9%
Miramichi
49.7%
Oromocto
49.1%
Mount Pearl
47.9%
Flin Flon
46.3%

You're not logged in!

Compare scores with friends on all Sporcle quizzes.
Join for Free
OR
Log In

You Might Also Like...

Show Comments

Extras

Top Quizzes Today


Score Distribution

Your Account Isn't Verified!

In order to create a playlist on Sporcle, you need to verify the email address you used during registration. Go to your Sporcle Settings to finish the process.

Report this User

Report this user for behavior that violates our Community Guidelines.

Details: